Last 10 U.S. States by Public Transit - Statistics

General Stats
  • This quiz has been taken 53 times
  • The average score is 8 of 10
Answer Stats
% Change State % Correct
0.2 -33 Alabama
88%
0.3 -57 North Dakota
88%
0.4 +50 South Dakota
88%
0.2 -33 Mississippi
85%
0.3 -40 Kansas
77%
0.2 -60 Oklahoma
75%
0.3 -50 Maine
73%
0.2 -50 Arkansas
69%
0.3 -50 South Carolina
63%
0.3 -66 New Hampshire
52%
No matching quizzes found
Score Distribution
Percent of People with Each Score
Percentile by Number Answered
Your Score History
You have not taken this quiz